000 00635nam a2200193 a 4500
001 000027308
003 DO-SdBNP
005 20231215101314.0
007 ta
008 110331s19-- dr a r 000 0 spa d
040 _aDO-SdBNP
_bspa
_cBNPHU
082 4 _a970.
_bT231b
100 1 _aBelliard Tavárez, Aurora,
_d1894-1972.
_954384
245 1 0 _aBronces de la raza :
_b(lecturas acerca de la historia de América) /
_cAurora Tavárez Belliard.
260 _aCiudad Trujillo, República Dominicana :
_bArte y Cine,
_c[19--?].
300 _a260 páginas :
_bilustraciones ;
_c22 cm.
590 _aInventariado, 2019/BT
942 _2ddc
_cLBS1
999 _c26800
_d26800